000 00224nam a2200097Ia 4500
008 190216s9999||||xx |||||||||||||| ||und||
100 _aVayalar Ramavarma
245 0 _aSarga Sangeetham
260 _bCurrent Books
942 _cBK
999 _c23637
_d23637